[Event "Brazil Xadrez Brasil op"]
[Site "Brazil"]
[Date "2010.11.15"]
[Round "6"]
[White "Ferreira, Marcos De Souza"]
[Black "Lima, Alan Kardeck dos"]
[Result "1/2-1/2"]
[WhiteElo "1565"]
[BlackElo "1615"]
[PlyCount "194"]
[EventDate "2010.11.12"]
[EventType "swiss"]
[EventRounds "7"]
[EventCountry "BRA"]
[SourceTitle "EXT 2013"]
[Source "ChessBase"]
[SourceDate "2012.11.22"]
[SourceVersion "1"]
[SourceVersionDate "2012.11.22"]
[SourceQuality "1"]

1. d4 Nf6 2. h3 e6 3. Nf3 c5 4. c3 d5 5. b3 Be7 6. Bf4 Nc6 7. e3 cxd4 8. exd4 Bd6 9. Bg5 h6 10. Bh4 Be7 11. Bd3 0-0 12. 0-0 Bd7 13. a3 Rc8 14. c4 b6 15. Nc3 dxc4 16. Bxc4 Na5 17. Nd2 Nxc4 18. bxc4 Bc6 19. Nb3 Ne4 20. Bxe7 Qxe7 21. Nxe4 Bxe4 22. f3 Bb7 23. Qd3 Rfd8 24. Rfc1 Qf6 25. Qe3 Qf5 26. a4 a5 27. c5 bxc5 28. Nxc5 Qd5 29. Kh1 Bc6 30. Rd1 Rb8 31. Qc3 Rb4 32. Rdc1 Qxd4 33. Qxd4 Rbxd4 34. Nb3 Rxa4 35. Rxa4 Bxa4 36. Nxa5 Rd1+ 37. Rxd1 Bxd1 38. Nc4 Kf8 39. Ne3 Be2 40. Kg1 h5 41. Kf2 Bb5 42. h4 Ke7 43. g3 Kd6 44. Nd1 f6 45. Ke3 g5 46. Nc3 Bc6 47. Ne2 Be8 48. f4 gxh4 49. gxh4 e5 50. Ng3 Kd5 51. Nf5 Bd7 52. Ng3 Bg4 53. Ne4 exf4+ 54. Kxf4 f5 55. Ng3 Ke6 56. Nf1 Bh3 57. Ne3 Bg4 58. Nc4 Bh3 59. Ne5 Kd5 60. Nf7 Bg4 61. Ng5 Kd6 62. Nf7+ Ke6 63. Ne5 Kd5 64. Nd3 Kd4 65. Nb4 Kc5 66. Na6+ Kd5 67. Nc7+ Kd6 68. Ne8+ Ke7 69. Nc7 Kd6 70. Nb5+ Kd5 71. Ke3 Ke5 72. Na3 f4+ 73. Kf2 Bd1 74. Nc4+ Kf5 75. Nb2 Bc2 76. Kf3 Be4+ 77. Kf2 Kg4 78. Nc4 Kxh4 79. Ne5 Bd5 80. Nd3 Kg5 81. Kg1 h4 82. Nf2 Bf3 83. Kh2 Bg4 84. Ne4+ Kf5 85. Nf2 f3 86. Kg1 Kf4 87. Kh2 Bf5 88. Kg1 Ke3 89. Nd1+ Ke2 90. Nf2 Bd3 91. Nh1 h3 92. Ng3+ Ke3 93. Nh1 Kf4 94. Nf2 Kg3 95. Nh1+ Kf4 96. Nf2 Kg3 97. Nh1+ Kf4 1/2-1/2

[Event "Brazil Xadrez Brasil op"]
[Site "Brazil"]
[Date "2010.11.14"]
[Round "5"]
[White "Figueiredo, Wagner Primo Jr"]
[Black "Ferreira, Marcos De Souza"]
[Result "1-0"]
[WhiteElo "1588"]
[BlackElo "1565"]
[PlyCount "113"]
[EventDate "2010.11.12"]
[EventType "swiss"]
[EventRounds "7"]
[EventCountry "BRA"]
[SourceTitle "EXT 2013"]
[Source "ChessBase"]
[SourceDate "2012.11.22"]
[SourceVersion "1"]
[SourceVersionDate "2012.11.22"]
[SourceQuality "1"]

1. e4 e5 2. Nf3 Nc6 3. Bc4 h6 4. d4 Qe7 5. 0-0 Nf6 6. d5 Na5 7. Bd3 d6 8. c4 b6 9. h3 Nb7 10. b4 a5 11. Bd2 Bd7 12. Re1 c6 13. Qc2 axb4 14. Bxb4 c5 15. Bc3 Qd8 16. Nbd2 Be7 17. Nf1 0-0 18. Ng3 Nh7 19. Nh2 Bh4 20. Nf5 Be7 21. f4 f6 22. Nxe7+ Qxe7 23. f5 Qe8 24. Qe2 Nd8 25. Rab1 Rb8 26. Ba5 Nf7 27. Bxb6 Nfg5 28. Bc7 Rxb1 29. Rxb1 Qe7 30. Rb6 Nf7 31. Qb2 Bxf5 32. exf5 Qxc7 33. h4 Qe7 34. Be4 Re8 35. a4 Qa7 36. Qb5 Ra8 37. Bc2 e4 38. Rb7 Qa6 39. Rb8+ Nf8 40. Rxa8 Qxa8 41. Bxe4 Ne5 42. Nf3 Ned7 43. a5 Qb8 44. Nd2 Qa7 45. Nb3 Nb8 46. Nd2 Nfd7 47. Bf3 Ne5 48. Qe8+ Kh7 49. Bh5 g6 50. fxg6+ Kg7 51. Ne4 Qc7 52. Qe6 Nbd7 53. Qe7+ Kg8 54. Nxf6+ Nxf6 55. Qxc7 Ne8 56. Qh7+ Kf8 57. Qxh6+ 1-0